000 00576nam a2200205Ia 4500
005 20250923144712.0
008 008 250917s9999 xx 000 0 eng d
037 _aTextual
040 _aDSWL
_beng
_cDSWL
041 _aeng
_2eng
084 _aX:9I.2.N5, K0
_qDSWL
100 _aSengupta, Padmini
_9827540
245 0 _aWomen workers of India
_cby Padmini Sengupta
260 _aBombay
_b Asia Publishing House
_c1960
300 _axvi,296p.
365 _aINR
_b8
925 _g8
942 _cTEXL
_hX:9I.2.N5, K0
999 _c1442259
_d1442259